000 00716nam a2200205Ia 4500
005 20260121110344.0
008 008 260114s9999 xx 000 0 hin d
020 _a9788132361589
037 _aEBOOK
040 _aCRL
_bhin
_cCRL
041 _ahin
_2hin
084 _qCRL
100 _aस्वाती चौहान / Swati Chauhan
_9945155
245 0 _aध्यान, निर्वाण, ब्रम्हचर्य एवं मोक्ष / Dhyan, nirvana, brahmacharya aur moksha
260 _bभाषा प्रकाशन / Bhasha Prakashan
_c2021
856 _uhttps://bhashaprakashan.com/product-details/379109
942 _cEBOOK
999 _c1536819
_d1536819